| 000 | 00693nam a2200193Ia 4500 | ||
|---|---|---|---|
| 003 | GCL | ||
| 008 | 140319s9999 xx 000 0 ara d | ||
| 040 |
_aGCL / _cGCL |
||
| 082 | 0 | 4 |
_a712.6 _bج ن |
| 100 | 1 | _aجواد راضى المصرى | |
| 245 | 1 | 0 |
_aنباتات الزينة وتنسيق الحدائق الحديقة المنزلية : _bORNAMENTALS AND GARDENING HOME GARDEN / _cجواد راضى المصرى |
| 250 | _aالاولى | ||
| 260 |
_aالاردن : _bدار الشروق ، _c2004 |
||
| 300 |
_a312 ص ؛ _c24 سم |
||
| 650 | 0 | 4 | _aنباتات الزينة |
| 650 | 0 | 4 | _aتنسيق الحدائق |
| 650 | 0 | 4 | _aالنباتات المنزلية |
| 942 |
_2ddc _cBK |
||
| 999 |
_c10123 _d10123 |
||